Places in England - sudden death - Statistics

General Stats
  • This quiz has been taken 144 times
  • The average score is 10 of 24
Answers on the Grid
Answers color-coded by a green-red scale on the quiz's grid according to % correct below.
Westminster
Stonehenge
Heathrow Airport
Sherwood Forest
Wembley
Sydney
Giants Causeway
Swansea
Lake Windermere
Tower of London
Leeds
Millennium Stadium
Derby
Bournemouth
Nakuru
Calgary
Brisbane
Camden Market
Sheffield
Auckland
Queens
Jersey
Lord's cricket ground
Er Roseires
Tiaret
Isle of Wight
Hackney
Carson
Dalhousie
Oxford
Huddersfield
Hove
Orem
Victoria Peak
Ealing
Hastings
Uvira
Richards Bay
Thundersley
Butterworth
Lewisham
Midleton
Hay-on-Wye
Bamber Bridge
Standerton
Cowbridge
Longmont
Chadderton
 
Answer Stats
Answer % Correct
Westminster
88%
Stonehenge
77%
Wembley
77%
Heathrow Airport
76%
Leeds
58%
Tower of London
57%
Derby
55%
Sherwood Forest
55%
Sheffield
52%
Bournemouth
46%
Oxford
44%
Isle of Wight
39%
Camden Market
37%
Huddersfield
35%
Hackney
33%
Hastings
33%
Hove
33%
Lord's cricket ground
33%
Ealing
32%
Lake Windermere
30%
Lewisham
30%
Manchester Chadderton
10%
Preston Bamber Bridge
7%
Essex Thundersley
4%
No matching quizzes found
Score Distribution
Percent of People with Each Score
Percentile by Number Answered
Your Score History
You have not taken this quiz